Five Letter Asian Geography #2 - Statistics

General Stats
  • This quiz has been taken 1,810 times
    1,800 since last reset
  • The average score is 20 of 38
Answer Stats
Clue Answer % Correct
Another name for Myanmar Burma
93%
Currency of Russia Ruble
89%
Country that only borders Saudi Arabia Qatar
87%
City of Burj Khalifa Dubai
85%
Second-biggest megacity of Japan Osaka
85%
War-torn Levant country Syria
83%
Capital of Jordan Amman
79%
City where Gandhi was assassinated Delhi
77%
Peninsula shares by two countries Korea
75%
National animal of China Panda
73%
Biggest city on Vietnam's Red River Hanoi
72%
Former Portuguese colony in China Macau
72%
Indian city with namesake of the witch trial city in Massachusetts Salem
72%
Largest animal in Arabia Camel
70%
Japanese for "Japan" Nihon
67%
Drug Afghanistan is known for producing Opium
65%
Chinese province; _____ Mongolia Inner
64%
Cooked meat of Middle East Kebab
62%
Egyptian peninsula in Asia Sinai
62%
Major language in southern India Tamil
61%
Biggest Bengali-speaking city Dhaka
60%
Second-biggest South Korean urban area Busan
55%
Peninsula Kuala Lumpur is on Malay
51%
Ancient city in Jordan; female name Petra
42%
Currency of Kuwait Dinar
38%
Israeli city that is home to the Baháʼí World Centre Haifa
38%
Middle Eastern capital; one of world's oldest continuously inhabited cities Sana'a
36%
Founder of Taoism Laozi
35%
Region of the above Israel occupied Golan
34%
Center-right political party in Israel Likud
23%
More of this ethnic group live in Afghanistan than in their homeland Tajik
17%
Capital of the Iraqi Kurdistan Erbil
15%
Japanese hot spring Onsen
14%
Language with the most alphabet letters Khmer
13%
City near Istanbul that was once the Ottoman capital Bursa
12%
Third-biggest city in Afghanistan Herat
12%
Largest Indian state in country's northeast Assam
9%
Province where most of Xiang River is in Hunan
7%
No matching quizzes found
Score Distribution
Percent of People with Each Score
Percentile by Number Answered
Your Score History
You have not taken this quiz since the last reset